Le pari democratique / (Record no. 105627)

MARC details
000 -LEADER
campo de control de longitud fija 00568nam a2200205 i 4500
001 - NÚMERO DE CONTROL
campo de control 105627
003 - IDENTIFICADOR DE NÚMERO DE CONTROL
campo de control ES-MaACL
007 - CAMPO FIJO DE DESCRIPCIÓN FÍSICA--INFORMACIÓN GENERAL
campo de control de longitud fija t|
008 - DATOS DE LONGITUD FIJA--INFORMACIÓN GENERAL
campo de control de longitud fija 060728s1962 fr ||||1| fre d
080 ## - NÚMERO DE LA CLASIFICACIÓN DECIMAL UNIVERSAL
Número de la Clasificación Decimal Universal 330.84/.86(44)
080 ## - NÚMERO DE LA CLASIFICACIÓN DECIMAL UNIVERSAL
Número de la Clasificación Decimal Universal 330.85(44)
100 1# - ENTRADA PRINCIPAL--NOMBRE DE PERSONA
Nombre de persona Dru, Jean.
9 (RLIN) 45675
245 13 - MENCIÓN DEL TÍTULO
Título Le pari democratique /
Mención de responsabilidad, etc. Jean Dru.
260 ## - PUBLICACIÓN, DISTRIBUCIÓN, ETC.
Lugar de publicación, distribución, etc. Paris :
Nombre del editor, distribuidor, etc. René Julliard,
Fecha de publicación, distribución, etc. [1962]
300 ## - DESCRIPCIÓN FÍSICA
Extensión 183 p. ;
Dimensiones 20 cm.
500 ## - NOTA GENERAL
Nota general Biblioteca Juan Andrade.
650 14 - PUNTO DE ACCESO ADICIONAL DE MATERIA--TÉRMINO DE MATERIA
Término de materia o nombre geográfico como elemento de entrada Comunismo-
Subdivisión geográfica Francia.
9 (RLIN) 11221
650 14 - PUNTO DE ACCESO ADICIONAL DE MATERIA--TÉRMINO DE MATERIA
Término de materia o nombre geográfico como elemento de entrada Socialismo-
Subdivisión geográfica Francia.
9 (RLIN) 17161
852 ## - LOCALIZACIÓN
Ubicación ES-MaACL
Número de control de estantería AND-437
Sublocalización o colección R.109741
Holdings
Estatus retirado Estado de pérdida Estado de daño No para préstamo Biblioteca de origen Biblioteca actual Ubicación en estantería Fecha de adquisición Fuente de adquisición Total de préstamos Signatura topográfica completa Código de barras Visto por última vez Precio de reemplazo Tipo de ítem Koha
        Biblioteca del Ateneo de Madrid Biblioteca del Ateneo de Madrid Depósito 2 17/01/2008     AND-437 1110278 23/02/2023 23/02/2023 Libro impreso